书目信息 |
| 题名: |
生物化学计算
|
|
| 作者: | 西格尔 , Segel 著 ;吴经才 译 | |
| 分册: | ||
| 出版信息: | 北京 科学出版社 1983 |
|
| 页数: | 316页 | |
| 开本: | 25cm | |
| 丛书名: | ||
| 单 册: | ||
| 中图分类: | Q5-32 | |
| 科图分类: | ||
| 主题词: | 生物化学--计算 | |
| 电子资源: | ||
| ISBN: | 13031.2142 | |
| 000 | 00850nam0 2200265 450 | |
| 001 | 0183006428 | |
| 005 | 20100712220520.0 | |
| 010 | @a13031.2142@dCNY3.10 | |
| 091 | @a13031.2142 | |
| 100 | @a19950420d1983 emky0chiy0110 ea | |
| 101 | 1 | @achi@ceng |
| 102 | @aCN@b110000 | |
| 105 | @ay z 000yy | |
| 106 | @ar | |
| 200 | 1 | @a生物化学计算@9Sheng Wu Hua Xue Ji Suan @e怎样解决普通生物化学中的数学问题@f(美)西格尔(I.H.Segel)著@g吴经才等译 |
| 210 | @a北京@c科学出版社@d1983 | |
| 215 | @a316页@d25cm | |
| 517 | 1 | @a怎样解决普通生物化学中的数学问题@9zen yang jie jue pu tong sheng wu hua xue zhong de shu xue wen ti |
| 606 | 0 | @a生物化学@x计算 |
| 690 | @aQ5-32@v3 | |
| 701 | 1 | @a西格尔@9xi ge er@bI.H.@4著 |
| 701 | 1 | @aSegel@bI.H.@4著 |
| 702 | 0 | @a吴经才@9wu jing cai@4译 |
| 801 | 0 | @aCN@bAzMarc@c20130904 |
| 905 | @aBZT@dQ5@e81@f2@sQ5/81 | |
| 生物化学计算:怎样解决普通生物化学中的数学问题/(美)西格尔(I.H.Segel)著/吴经才等译.-北京:科学出版社,1983 |
| 316页;25cm |
| ISBN 13031.2142:CNY3.10 |
| ● |
| 相关链接 |
|
|
|
正题名:生物化学计算
索取号:Q5/81
 
预约/预借
| 序号 | 登录号 | 条形码 | 馆藏地/架位号 | 状态 | 备注 |
| 1 | 2000110627 | 2000110627 | 旧书回溯/ [索取号:Q5/81] | 在馆 | |
| 2 | 2000110683 | 2000110683 | 旧书回溯/ [索取号:Q5/81] | 在馆 |